A. WESLEY POWELL LEARNING RESOURCE CENTRE (WPLRC)

Wonderful Place to Learn, Research & Collaborate

Corporate financial reporting and analysis text and cases (Record no. 13466)

MARC details
000 -LEADER
fixed length control field nam a22 7a 4500
003 - CONTROL NUMBER IDENTIFIER
control field OSt
005 - DATE AND TIME OF LATEST TRANSACTION
control field 20190606144123.0
008 - FIXED-LENGTH DATA ELEMENTS--GENERAL INFORMATION
fixed length control field 190606b xxu||||| |||| 00| 0 eng d
020 ## - INTERNATIONAL STANDARD BOOK NUMBER
International Standard Book Number 0256218951
040 ## - CATALOGING SOURCE
Transcribing agency WPLRC
082 ## - DEWEY DECIMAL CLASSIFICATION NUMBER
Classification number 658.15'12
245 ## - TITLE STATEMENT
Title Corporate financial reporting and analysis text and cases
Statement of responsibility, etc. David F. Hawkins
260 ## - PUBLICATION, DISTRIBUTION, ETC. (IMPRINT)
Place of publication, distribution, etc. New York
Name of publisher, distributor, etc. Irwin/McGraw-Hill
Date of publication, distribution, etc. 1998
300 ## - PHYSICAL DESCRIPTION
Extent xviii,924p.
Dimensions 24cm
504 ## - BIBLIOGRAPHY, ETC. NOTE
Bibliography, etc Includes index
600 ## - SUBJECT ADDED ENTRY--PERSONAL NAME
Source of heading or term CORPORATIONS- ACCOUNTING
610 ## - SUBJECT ADDED ENTRY--CORPORATE NAME
Source of heading or term CORPORATION REPORTS
648 ## - SUBJECT ADDED ENTRY--CHRONOLOGICAL TERM
Source of heading or term FINANCIAL STATEMENTS
942 ## - ADDED ENTRY ELEMENTS (KOHA)
Source of classification or shelving scheme Dewey Decimal Classification
Koha item type Circ Books
Holdings
Withdrawn status Lost status Source of classification or shelving scheme Damaged status Not for loan Home library Current library Date acquired Total Checkouts Full call number Barcode Date last seen Price effective from Koha item type
    Dewey Decimal Classification     Wesley Powell Learning Resource Centre Wesley Powell Learning Resource Centre 06/06/2019   658.15'12/HAW 47342 06/06/2019 06/06/2019 Circ Books